Most Democratic States since 2000 - Statistics

General Stats
  • This quiz has been taken 60 times
  • The average score is 9 of 10
Answer Stats
Margin
State % Correct
+21.4 California
98%
+23.8 New York
96%
+16.9 Connecticut
94%
+27.3 Vermont
94%
+15.7 Delaware
91%
+16.4 Illinois
91%
+26.8 Massachusetts
91%
+23.6 Rhode Island
91%
+29.3 Hawaii
87%
+23.4 Maryland
87%
No matching quizzes found
Score Distribution
Percent of People with Each Score
Percentile by Number Answered
Your Score History
You have not taken this quiz